000 00885cam a2200373 4500
008 090401t1998 xxu||||| |||| 00| 0 eng d
020 _a0415170664
035 _a(Sirsi) u86793
041 _aeng
050 _a333.160947
245 _aLand reform in the former Soviet Union and Eastern Europe.
260 _aLondon
_bRoutledge
_c1998
300 _axxiii,268p. ; 24cm.
350 _a50
650 _aALBANIA
650 _aBULGARIA
650 _aEASTERN EUROPE
650 _aESTONIA
650 _aHUNGARY
650 _aKYRGYZSTAN
650 _aLAND DISPOSAL
650 _aLAND REFORM
650 _aLAND TENURE
650 _aLATVIA
650 _aLITHUANIA
650 _aRUSSIA
650 _aTURKMENISTAN
650 _aUKRAINE
650 _aUZBEKISTAN
690 _aLAND
700 _aWegren, Stephen K.
_xEditor
942 _n0
948 _c12/06/1998
999 _c97168
_d97168